header

The european clothing industry (Record no. 49490)

MARC details
000 -LEADER
fixed length control field 01268nam a2200301Ia 4500
245 04 - TITLE STATEMENT
Title The european clothing industry
260 ## - PUBLICATION, DISTRIBUTION, ETC. (IMPRINT)
Place of publication Bradford, England :
Name of publisher Emerald Group Publishing,
Year of publication c2004.
300 ## - PHYSICAL DESCRIPTION
Number of Pages 102 p.
490 1# - SERIES STATEMENT
Series statement Journal of Fashion Marketing and Management. No. 3 ;
650 #0 - SUBJECT ADDED ENTRY--TOPICAL TERM
Topical Term Retail trade.
Topical Term Manufacturing industries.
700 1# - ADDED ENTRY--PERSONAL NAME
Personal name Taplin, Ian M.
Personal name Winterton, Jonathan,
856 40 - ELECTRONIC LOCATION AND ACCESS
Uniform Resource Identifier http://site.ebrary.com/lib/rucke/Doc?id=10067128

No items available.

© 2026 Rongo University
Contact us: librarian | system librarian | Rongo university